000 01067nam a2200325 c 4500
001 13288
003 ES-MaCES
005 20250121040009.0
008 020129s2001 sp ||| | spa d
017 _aM 33802-2001
_bDL
024 7 _a207-01-039-0
_2nipo
035 _aCES20020001810m
040 _aES-MaCES
_bspa
_cES-MaCES
245 0 0 _aSíntesis de estudios e investigaciones del Instituto de la Mujer, 1994-1999
260 _aMadrid
_bInstituto de la Mujer
_c[2001]
300 _a421 p.
_c24 cm
490 1 _aCuadernos bibliográficos del Instituto de la Mujer
_v8
541 _cGratuito
650 4 _amujeres
_928657
650 4 _aEspaña
_926964
650 4 _ainvestigación sociológica
_927260
650 4 _abibliografía comentada
_928966
650 4 _a1994-1999
_930994
653 1 0 _aBibliografías
710 2 _aInstituto de la Mujer (España)
_94190
830 0 _aCuadernos bibliográficos (Instituto de la Mujer (España))
_v8
_932070
902 _aLIB Libro
942 _2CES
_cBK
_h9.0.
999 _c13288
_d13288